[Event "AUTO-MASTER-3031"]
[Site "http://www.queenalice.com/game.php?id=1788014"]
[Date "2022.4.30"]
[Round "2"]
[White "Alexandrovinsk"]
[Black "noroc"]
[Result "1-0"]
[WhiteElo "2386"]
[BlackElo "2279"]

1. e4 c5 2. Nf3 Nc6 3. d4 cxd4 4. Nxd4 d6 5. Nc3 Nf6 6. Bg5 e6 7. f4 h6 8. Bh4
Qb6 9. Nb3 Qe3+ 10. Qe2 Qxf4 11. Bg3 Qg4 12. O-O-O e5 13. Qd3 Be7 14. Be2 Qe6
15. Nb5 Qd7 16. Bf3 O-O 17. Nxd6 Bxd6 18. Qxd6 Qxd6 19. Rxd6 Ne8 20. Rd2 Nc7 21.
Rhd1 Be6 22. Nc5 Nd4 23. Bxe5 Nxf3 24. gxf3 Nb5 25. a4 1-0

[Event "AUTO-MASTER-3031"]
[Site "http://www.queenalice.com/game.php?id=1788015"]
[Date "2022.4.30"]
[Round "2"]
[White "noroc"]
[Black "Alexandrovinsk"]
[Result "0-1"]
[WhiteElo "2256"]
[BlackElo "2404"]

1. e4 c5 2. Nf3 g6 3. d4 cxd4 4. Nxd4 Bg7 5. Nc3 Nc6 6. Be3 Nf6 7. Bc4 Qa5 8.
O-O d6 9. h3 Bd7 10. Re1 O-O 11. Bb3 Rac8 12. Qe2 Nxd4 13. Bxd4 Bc6 14. Rad1 Nd7
15. Bxg7 Kxg7 16. Nd5 Bxd5 17. exd5 Rfe8 18. Rd4 Nc5 19. Rh4 Nxb3 20. axb3 Qxd5
21. c4 Qa5 22. Rd1 Rc6 23. Rd5 Rc5 24. Qe3 Rxd5 25. Qh6+ Kf6 26. cxd5 Qxd5 27.
Qxh7 e5 28. Rc4 Qd1+ 29. Kh2 Qh5 30. Qxh5 gxh5 31. Kg3 Re7 32. f4 e4 33. Kf2 d5
34. Rd4 Ke6 0-1

[Event "AUTO-MASTER-3125"]
[Site "http://www.queenalice.com/game.php?id=1795385"]
[Date "2022.9.2"]
[Round "1"]
[White "chessman"]
[Black "noroc"]
[Result "1/2-1/2"]
[WhiteElo "1962"]
[BlackElo "2138"]

1. e4 e5 2. Nf3 Nc6 3. Bb5 a6 4. Ba4 Nf6 5. O-O b5 6. Bb3 d6 7. Ng5 d5 8. exd5
Nd4 9. c3 Nxb3 10. Qxb3 Qxd5 11. Qxd5 Nxd5 12. Re1 f6 13. Ne4 Nf4 14. d4 Be7 15.
Bxf4 exf4 16. Nbd2 O-O 17. Nb3 Bb7 18. Nec5 Bxc5 19. Nxc5 Bd5 20. Re7 c6 21. a3
Rfe8 22. Rae1 Rxe7 23. Rxe7 a5 24. f3 Kf8 25. Re1 Re8 26. Rxe8+ Kxe8 27. Kf2 Ke7
28. Ke2 Bc4+ 29. Kd2 Bf1 30. g3 fxg3 31. hxg3 g5 32. Ke3 Bc4 33. b3 Bd5 34. f4
h5 35. fxg5 fxg5 36. b4 a4 37. Ne4 g4 38. Nf2 Ke6 39. Kf4 Kf6 1/2-1/2

[Event "AUTO-MASTER-3125"]
[Site "http://www.queenalice.com/game.php?id=1795386"]
[Date "2022.9.2"]
[Round "1"]
[White "noroc"]
[Black "chessman"]
[Result "1-0"]
[WhiteElo "2272"]
[BlackElo "2058"]

1. e4 e6 2. d4 d5 3. Nc3 dxe4 4. Nxe4 Nd7 5. Nf3 Ngf6 6. Nxf6+ Nxf6 7. Bg5 Be7
8. Be2 O-O 9. O-O h6 10. Bh4 b6 11. c3 Bb7 12. Qc2 Nd5 13. Bxe7 Qxe7 14. a4 Nf4
15. Bd1 Qf6 16. a5 g5 17. axb6 cxb6 18. Ne1 Ba6 19. Rxa6 1-0

[Event "AUTO-MASTER-3125"]
[Site "http://www.queenalice.com/game.php?id=1795401"]
[Date "2022.9.2"]
[Round "1"]
[White "Donidon"]
[Black "noroc"]
[Result "1-0"]
[WhiteElo "2132"]
[BlackElo "2251"]

1. e4 e5 2. Nf3 Nc6 3. d4 exd4 4. Nxd4 Nf6 5. Nc3 Bb4 6. Nxc6 bxc6 7. Bd3 O-O 8.
O-O Bxc3 9. bxc3 a5 10. Bg5 d6 11. f4 h6 12. Bh4 Qd7 13. Bxf6 gxf6 14. Qh5 Kh7
15. e5+ f5 16. g4 Rg8 17. Kf2 Ba6 18. Bxf5+ 1-0

[Event "AUTO-MASTER-3125"]
[Site "http://www.queenalice.com/game.php?id=1795402"]
[Date "2022.9.2"]
[Round "1"]
[White "noroc"]
[Black "Donidon"]
[Result "0-1"]
[WhiteElo "2192"]
[BlackElo "2165"]

1. e4 e6 2. Nf3 d5 3. e5 c5 4. d4 Nc6 5. c3 Bd7 6. Be2 Be7 7. O-O Qc7 8. Na3 a6
9. Nc2 Nh6 10. Bxh6 gxh6 11. Qd2 O-O-O 12. Qxh6 Rdg8 13. g3 Rg6 14. Qd2 h5 15.
b4 c4 16. a4 h4 17. b5 Na5 18. bxa6 Nb3 19. Qf4 hxg3 20. hxg3 Kb8 21. Ra2 f5 22.
Ne3 Bf8 0-1

[Event "AUTO-MASTER-3125"]
[Site "http://www.queenalice.com/game.php?id=1795414"]
[Date "2022.9.2"]
[Round "1"]
[White "EcheKiel"]
[Black "noroc"]
[Result "1-0"]
[WhiteElo "1912"]
[BlackElo "2157"]

1. e4 e5 2. Bc4 Nf6 3. Qf3 d6 4. h3 Nc6 5. c3 Be7 6. d3 Na5 7. Bg5 Nxc4 8. dxc4
Be6 9. Nd2 Qd7 10. Bxf6 Bxf6 11. Ne2 Qc6 12. Qd3 Bg5 13. Nf3 Bh6 14. b3 O-O 15.
Ng3 g6 16. h4 Bg4 17. h5 Bf4 18. Ne2 Bxh5 19. Nh2 a5 20. g4 Bxh2 21. Rxh2 Bxg4
22. O-O-O a4 23. b4 f5 24. Rdh1 fxe4 25. Qe3 Bh5 26. Ng3 Rf3 27. Qd2 Qxc4 28.
Kb2 1-0

[Event "AUTO-MASTER-3126"]
[Site "http://www.queenalice.com/game.php?id=1795611"]
[Date "2022.9.6"]
[Round "1"]
[White "Jsc"]
[Black "noroc"]
[Result "0-1"]
[WhiteElo "1898"]
[BlackElo "2278"]

1. e4 e5 2. Nf3 Nc6 3. d4 exd4 4. Nxd4 d5 5. Bb5 dxe4 6. Bxc6+ bxc6 7. Nxc6
Qxd1+ 8. Kxd1 Bc5 9. Ke2 Ba6+ 10. Kd1 Bxf2 11. Nc3 Nf6 12. Bg5 O-O 13. Bxf6 gxf6
14. Nxe4 Bh4 15. g3 Bg5 16. h4 Bb7 17. Ne7+ Kg7 18. Re1 Rad8+ 0-1

[Event "AUTO-MASTER-3126"]
[Site "http://www.queenalice.com/game.php?id=1795627"]
[Date "2022.9.6"]
[Round "1"]
[White "noroc"]
[Black "gmxian89"]
[Result "0-1"]
[WhiteElo "2216"]
[BlackElo "2357"]

1. e4 c5 2. Nf3 Nc6 3. d4 cxd4 4. Nxd4 Nf6 5. Nc3 e5 6. Ndb5 d6 7. Bg5 a6 8. Na3
b5 9. Bxf6 gxf6 10. Nd5 f5 11. Bd3 Be6 12. Qh5 Rg8 13. O-O f4 14. c4 Rg6 15.
Nxb5 axb5 16. cxb5 Rh6 17. Qd1 Qh4 18. h3 Bxh3 19. Nc7+ Kd8 20. Nxa8 Bxg2 21.
bxc6 Qh1# 0-1

[Event "AUTO-MASTER-3126"]
[Site "http://www.queenalice.com/game.php?id=1795628"]
[Date "2022.9.6"]
[Round "1"]
[White "gmxian89"]
[Black "noroc"]
[Result "1-0"]
[WhiteElo "2265"]
[BlackElo "2279"]

1. e4 e5 2. Nf3 Nc6 3. Bb5 a6 4. Ba4 Nf6 5. O-O Nxe4 6. d4 b5 7. Bb3 d5 8. dxe5
Be6 9. Be3 Be7 10. c3 Bg4 11. Qxd5 Qxd5 12. Bxd5 1-0

[Event "AUTO-MASTER-3126"]
[Site "http://www.queenalice.com/game.php?id=1795629"]
[Date "2022.9.6"]
[Round "1"]
[White "noroc"]
[Black "delphicoracle"]
[Result "0-1"]
[WhiteElo "2164"]
[BlackElo "2333"]

1. e4 c5 2. Nf3 e6 3. d4 cxd4 4. Nxd4 a6 5. Nc3 b5 6. Bd3 Bb7 7. O-O Nc6 8. Nb3
Nf6 9. Bg5 Be7 10. Qf3 b4 11. Ne2 Ne5 12. Qg3 Nxd3 13. cxd3 Nxe4 14. Bxe7 Nxg3
15. Bxd8 Nxe2+ 16. Kh1 Kxd8 17. Rfe1 Nf4 18. f3 Nxd3 19. Re2 Rc8 20. h4 Rc4 21.
Na5 Rxh4+ 22. Kg1 Bd5 23. Rd2 Nc5 24. Rc1 d6 0-1

[Event "AUTO-MASTER-3126"]
[Site "http://www.queenalice.com/game.php?id=1795630"]
[Date "2022.9.6"]
[Round "1"]
[White "delphicoracle"]
[Black "noroc"]
[Result "1-0"]
[WhiteElo "2311"]
[BlackElo "2267"]

1. Nf3 d5 2. c4 e6 3. g3 c5 4. Bg2 Nc6 5. O-O Nf6 6. cxd5 exd5 7. d4 cxd4 8.
Nxd4 Bc5 9. Nxc6 bxc6 10. Qc2 Qb6 11. Nc3 Ng4 12. e4 Bd4 13. exd5 Nxf2 14. Rxf2
Bxf2+ 15. Qxf2 cxd5 16. Be3 Qa5 17. Bxd5 1-0

[Event "AUTO-MASTER-3128"]
[Site "http://www.queenalice.com/game.php?id=1796689"]
[Date "2022.9.22"]
[Round "1"]
[White "pomar"]
[Black "noroc"]
[Result "0-1"]
[WhiteElo "1936"]
[BlackElo "2248"]

1. f3 d5 2. Kf2 e5 3. e3 d4 4. d3 Bc5 5. e4 Nc6 6. g3 Nge7 7. Bh3 f5 8. Kg2 O-O
9. Bg5 h6 10. Bxe7 Nxe7 11. Nd2 Qd6 12. Ne2 b5 13. Nb3 Bb6 14. a3 g5 15. exf5
Bxf5 16. Bxf5 Nxf5 17. Qd2 Ne3+ 18. Kf2 g4 19. f4 exf4 20. Nxf4 Qc6 21. Rhg1
Qf3+ 22. Ke1 Rae8 23. Nxd4 Ng2# 0-1

[Event "AUTO-MASTER-3128"]
[Site "http://www.queenalice.com/game.php?id=1796690"]
[Date "2022.9.22"]
[Round "1"]
[White "noroc"]
[Black "pomar"]
[Result "1-0"]
[WhiteElo "2133"]
[BlackElo "1938"]

1. e4 e6 2. d4 d5 3. Nc3 Bb4 4. Qg4 Qf6 5. exd5 Nh6 6. Bxh6 Qxh6 7. dxe6 Bxe6 8.
Qe4 Bxc3+ 9. bxc3 c6 10. Nf3 O-O 11. Be2 Nd7 12. O-O Nf6 13. Qd3 Rad8 14. Ne5
Bd5 15. c4 Be4 16. Qc3 Qg5 17. f3 Bf5 18. Bd3 Bh3 19. Rf2 Nh5 20. Kh1 Ng3+ 21.
hxg3 Qxg3 22. Raf1 Be6 23. f4 Qh4+ 24. Kg1 g6 25. d5 cxd5 26. f5 gxf5 27. Bxf5
dxc4 28. Bxe6 fxe6 29. Rxf8+ Rxf8 30. Rxf8+ Kxf8 31. Nxc4 Kg8 32. Nd6 Qg4 33.
Qc8+ Kg7 34. Qxb7+ Kh6 35. Nf7+ Kh5 36. Qf3 Qxf3 37. gxf3 Kg6 38. Nd6 Kf6 39.
Nb5 a5 40. Na3 Ke7 41. Nc4 a4 42. Nb2 Kd6 43. Nxa4 Kc6 44. Nb2 Kc5 45. c4 Kb4
46. a4 e5 47. Kf2 1-0

[Event "AUTO-MASTER-3128"]
[Site "http://www.queenalice.com/game.php?id=1796707"]
[Date "2022.9.22"]
[Round "1"]
[White "noroc"]
[Black "Artking"]
[Result "0-1"]
[WhiteElo "2235"]
[BlackElo "2004"]

1. e4 c5 2. Nf3 d6 3. d4 cxd4 4. Nxd4 Nf6 5. f3 g6 6. c4 Bg7 7. Be3 Nc6 8. Nc3
O-O 9. Qd2 Bd7 10. Be2 a6 11. O-O Rc8 12. Rfd1 Ne5 13. b3 h5 14. Rac1 Kh7 15.
Nd5 Nxd5 16. exd5 f6 17. Qc2 b5 18. f4 Ng4 19. Bd2 Qb6 20. Bc3 Ne3 21. Qd3 Nxd1
22. Rxd1 e5 23. fxe5 fxe5 24. Bxh5 exd4 25. Qxg6+ Kh8 0-1

[Event "AUTO-MASTER-3128"]
[Site "http://www.queenalice.com/game.php?id=1796708"]
[Date "2022.9.22"]
[Round "1"]
[White "Artking"]
[Black "noroc"]
[Result "1-0"]
[WhiteElo "1868"]
[BlackElo "2129"]

1. e4 e5 2. Nf3 Nc6 3. Bb5 a6 4. Ba4 Nf6 5. d3 b5 6. Bb3 Be7 7. c3 d6 8. O-O O-O
9. Nbd2 a5 10. h3 a4 11. Bc2 Be6 12. Ng5 Bd7 13. f4 exf4 14. Ndf3 h6 15. e5 dxe5
16. Ne4 Nxe4 17. dxe4 Qc8 18. Kh2 Rd8 19. Qe2 Be6 20. Qxb5 Rd6 21. Nxe5 Ra5 22.
Nxc6 Rxc6 23. Qxa5 Bd6 24. e5 Rc5 25. Qxa4 Bxe5 26. Bxf4 Rc4 27. Qxc4 Bxc4 28.
Bxe5 Bxf1 29. Rxf1 f6 30. Bd4 c5 31. Bf2 Qb8+ 32. Kg1 Qxb2 33. Bb3+ Kh7 34. c4
Qa3 35. Rd1 f5 36. Rd5 f4 37. Bxc5 Qc1+ 38. Kf2 g5 39. Bd4 Qd2+ 40. Kf3 Kg6 41.
Rd6+ Kh5 42. c5 Qd3+ 43. Kf2 Qg3+ 44. Kf1 f3 45. Bf7+ Kh4 46. Rxh6# 1-0

[Event "AUTO-MASTER-3128"]
[Site "http://www.queenalice.com/game.php?id=1796709"]
[Date "2022.9.22"]
[Round "1"]
[White "noroc"]
[Black "Akopian"]
[Result "0-1"]
[WhiteElo "2208"]
[BlackElo "2067"]

1. e4 e5 2. Nf3 Nc6 3. Bc4 Nf6 4. Ng5 d5 5. exd5 Na5 6. Bb5+ c6 7. dxc6 bxc6 8.
Be2 Be7 9. d3 O-O 10. O-O Nd5 11. Nf3 Bd6 12. Nc3 Nb7 13. Bg5 f6 14. Bd2 Nc5 15.
a3 a5 16. d4 exd4 17. Nxd5 cxd5 18. Nxd4 Be5 19. Nc6 Qc7 20. Nxe5 fxe5 21. Bf3
Be6 22. Re1 e4 23. Be2 Rac8 24. b4 axb4 25. Bxb4 Rf7 26. Bh5 Rd7 27. Qd4 Na4 28.
Re2 Nc3 29. Bxc3 Qxc3 30. Qb6 Qxa1+ 0-1

[Event "AUTO-MASTER-3128"]
[Site "http://www.queenalice.com/game.php?id=1796710"]
[Date "2022.9.22"]
[Round "1"]
[White "Akopian"]
[Black "noroc"]
[Result "1-0"]
[WhiteElo "2090"]
[BlackElo "2179"]

1. e4 e5 2. Nf3 Nc6 3. Bc4 Bc5 4. O-O Nf6 5. d3 d6 6. h3 Na5 7. Bb3 Nxb3 8. axb3
O-O 9. Nc3 h6 10. Be3 Bxe3 11. fxe3 Be6 12. d4 exd4 13. exd4 d5 14. exd5 Nxd5
15. Ne5 Nxc3 16. bxc3 Qg5 17. Kh2 a6 18. Qf3 c6 19. Rf2 f6 20. Nd3 Bd5 21. Qg3
Rae8 22. Raf1 Qxg3+ 23. Kxg3 Re3+ 24. Kh2 Rfe8 25. c4 Bf7 26. Nb2 Re2 27. Nd3 b5
28. cxb5 axb5 29. Nb4 Bg6 30. Kg1 Rxf2 31. Rxf2 1-0

[Event "Challenge"]
[Site "http://www.queenalice.com/game.php?id=1804435"]
[Date "2023.1.21"]
[Round "-"]
[White "JORAM2205"]
[Black "noroc"]
[Result "1-0"]
[WhiteElo "2219"]
[BlackElo "2139"]

1. e4 c5 2. d4 cxd4 3. c3 dxc3 4. Nxc3 Nc6 5. Nf3 e6 6. Bc4 Nf6 7. Bg5 Be7 8.
O-O O-O 9. e5 Ng4 10. Bxe7 Qxe7 11. Bd3 Ncxe5 12. Nxe5 1-0